Agriculture 4.0 Precision & Automated Ag. Technologies/ by M.G. Shinde...[et al.] (Record no. 52302)

MARC details
000 -LEADER
fixed length control field 00599nam a22001577a 4500
003 - CONTROL NUMBER IDENTIFIER
control field OSt
008 - FIXED-LENGTH DATA ELEMENTS--GENERAL INFORMATION
fixed length control field 260625b |||||||| |||| 00| 0 eng d
020 ## - INTERNATIONAL STANDARD BOOK NUMBER
International Standard Book Number 9789390425259
082 ## - DEWEY DECIMAL CLASSIFICATION NUMBER
Classification number 630.285
Item number S55A
245 ## - TITLE STATEMENT
Title Agriculture 4.0 Precision & Automated Ag. Technologies/ by M.G. Shinde...[et al.]
260 ## - PUBLICATION, DISTRIBUTION, ETC. (IMPRINT)
Place of publication, distribution, etc New Delhi:
Name of publisher, distributor, etc International Books & Periodicals Supply Service,
Date of publication, distribution, etc 2022.
300 ## - PHYSICAL DESCRIPTION
Extent xii, 145 p.
650 ## - SUBJECT ADDED ENTRY--TOPICAL TERM
Topical term or geographic name as entry element Technology (Applied Sciences) | Agriculture and Related Technologies | Agriculture | Technological Innovations | Precision Farming
700 ## - ADDED ENTRY--PERSONAL NAME
Personal name Shinde, M. G
942 ## - ADDED ENTRY ELEMENTS (KOHA)
Source of classification or shelving scheme
Koha item type Books
Holdings
Withdrawn status Lost status Source of classification or shelving scheme Damaged status Not for loan Home library Current library Shelving location Date acquired Source of acquisition Cost, normal purchase price Total Checkouts Full call number Barcode Date last seen Bill Date Koha item type Bill Number
          Dr. Rajendra Prasad Central Agricultural University Pusa, Dr. Rajendra Prasad Central Agricultural University Pusa, General Stacks 25/06/2026 Today & Tomorrow Printers and Publishers 1450.00   630.285 S55A 87118 25/06/2026 29/01/2026 Books Bill No. IN-00449
Hosted, Implemented, Customized & Maintained by: BestBookBuddies

Powered by Koha